=LDR 00000nam 2200000 4500 =001 INLIS000000001052287 =005 20240822074126 =035 ##$$a 0010-0824000105 =007 ta =008 240822###########################0###### =020 ##$$a 978-89-6329-596-1 =082 ##$$a 028.55 =084 ##$$a 028.55 YAN c =100 #$$a Yang Yeonju =245 1#$$a Cermin adalah peniru /$c Yang Yeonju; ilustrator, Yoon Saem =260 ##$$a Gyeonggi-do :$b Korea Tolstoi,$c 2008 =300 ##$$a 31 hlm. : $b ilus. ; $c 26 cm =650 #4$$a Bacaan kanak-kanak =700 #$$a Yoon Saem (ilustrator) =990 ##$$a 3202401668 =990 ##$$a 3202401668